[Event "ROM-ch U10 Girls"]
[Site "Calimanesti"]
[Date "2014.04.12"]
[Round "8"]
[White "Neacsu, Anemona Maria"]
[Black "Serbanuta, Teodora"]
[Result "1-0"]
[WhiteElo "1001"]
[BlackElo "1004"]
[PlyCount "47"]
[EventDate "2014.04.06"]
[EventType "swiss"]
[EventRounds "9"]
[EventCountry "ROU"]
[SourceTitle "CBM 160 Extra"]
[Source "ChessBase"]
[SourceDate "2014.07.01"]
[SourceVersion "1"]
[SourceVersionDate "2014.07.01"]
[SourceQuality "1"]

1. e4 c5 2. Nf3 d6 3. d4 cxd4 4. Nxd4 Nf6 5. Nc3 e6 6. Bb5+ Nbd7 7. 0-0 Be7 8. Re1 0-0 9. Bd2 a6 10. Ba4 b5 11. Nc6 Qe8 12. Nxe7+ Qxe7 13. Bb3 Nc5 14. Qc1 e5 15. Re3 Qd7 16. Rg3 Ng4 17. h3 Nxb3 18. axb3 b4 19. Rxg4 bxc3 20. bxc3 Qc6 21. Bh6 Bxg4 22. Qg5 g6 23. Qf6 Qxe4 24. Qg7# 1-0

[Event "ROM-ch U10 Girls"]
[Site "Calimanesti"]
[Date "2014.04.11"]
[Round "7"]
[White "Moldovan, Andrada"]
[Black "Neacsu, Anemona Maria"]
[Result "0-1"]
[WhiteElo "1267"]
[BlackElo "1001"]
[PlyCount "48"]
[EventDate "2014.04.06"]
[EventType "swiss"]
[EventRounds "9"]
[EventCountry "ROU"]
[SourceTitle "CBM 160 Extra"]
[Source "ChessBase"]
[SourceDate "2014.07.01"]
[SourceVersion "1"]
[SourceVersionDate "2014.07.01"]
[SourceQuality "1"]

1. e4 e5 2. Nf3 Nc6 3. Nc3 Nf6 4. a3 d5 5. Bb5 Bd6 6. exd5 a6 7. Ba4 b5 8. Nxb5 Nxd5 9. Nc3 Nde7 10. 0-0 Bg4 11. d3 h6 12. Be3 0-0 13. h3 Bh5 14. Qe2 Nd4 15. Bxd4 exd4 16. Ne4 Rb8 17. b4 Nd5 18. Bb3 c6 19. Ned2 Re8 20. Qd1 Nc3 21. Qe1 Rxe1 22. Raxe1 Bxf3 23. Nxf3 Bf4 24. Bc4 a5 0-1

[Event "ROM-ch U10 Girls"]
[Site "Calimanesti"]
[Date "2014.04.09"]
[Round "5"]
[White "Pisu, Bianca"]
[Black "Neacsu, Anemona Maria"]
[Result "0-1"]
[WhiteElo "1001"]
[BlackElo "1001"]
[PlyCount "80"]
[EventDate "2014.04.06"]
[EventType "swiss"]
[EventRounds "9"]
[EventCountry "ROU"]
[SourceTitle "CBM 160 Extra"]
[Source "ChessBase"]
[SourceDate "2014.07.01"]
[SourceVersion "1"]
[SourceVersionDate "2014.07.01"]
[SourceQuality "1"]

1. e4 e5 2. Nf3 Nc6 3. Nc3 Nf6 4. Bb5 a6 5. Bxc6 dxc6 6. d3 Bc5 7. Bg5 Bg4 8. h3 Bh5 9. 0-0 0-0 10. Re1 h6 11. Bh4 Re8 12. Qe2 b5 13. Rad1 Bb4 14. a3 Bc5 15. b4 Bd4 16. Nb1 a5 17. Nbd2 axb4 18. axb4 Bc3 19. Rb1 Ra4 20. Rb3 Bxb4 21. Reb1 Bc5 22. Qe1 Qe7 23. Ra1 Bb4 24. Rxa4 bxa4 25. Rb2 Bxd2 26. Qxd2 Bxf3 27. gxf3 a3 28. Ra2 Qd6 29. Qc3 Ra8 30. Qa1 Qe6 31. Kg2 Nh5 32. Bg3 Nxg3 33. fxg3 Qd6 34. c4 Qxd3 35. c5 Qc4 36. Qxe5 Qxa2+ 37. Kf1 Qc2 38. Qxc7 a2 39. Qd6 a1R+ 40. Qd1 Rxd1# 0-1

[Event "ROM-ch U10 Girls"]
[Site "Calimanesti"]
[Date "2014.04.08"]
[Round "3"]
[White "Ionita, Carmen Nicola"]
[Black "Neacsu, Anemona Maria"]
[Result "1-0"]
[WhiteElo "1049"]
[BlackElo "1001"]
[PlyCount "79"]
[EventDate "2014.04.06"]
[EventType "swiss"]
[EventRounds "9"]
[EventCountry "ROU"]
[SourceTitle "CBM 160 Extra"]
[Source "ChessBase"]
[SourceDate "2014.07.01"]
[SourceVersion "1"]
[SourceVersionDate "2014.07.01"]
[SourceQuality "1"]

1. e4 e5 2. Nf3 Nc6 3. Bc4 Nf6 4. Ng5 d5 5. exd5 Nxd5 6. Nxf7 Kxf7 7. Qf3+ Ke8 8. Bxd5 Qd7 9. 0-0 Qg4 10. Qf7+ Kd8 11. Re1 Qd7 12. Qxd7+ Bxd7 13. Nc3 Bd6 14. d3 Rb8 15. Be3 b6 16. Ne4 Nb4 17. Bb3 Ke7 18. d4 Rbe8 19. Nxd6 cxd6 20. dxe5 dxe5 21. Rad1 Be6 22. Bg5+ Kf8 23. Rxe5 h6 24. Bh4 g5 25. Bg3 Nc6 26. Rxe6 Rxe6 27. Bxe6 Rh7 28. Bd6+ Kg7 29. Bf5 Rh8 30. Re1 Nd4 31. Be5+ Kg8 32. Bxd4 a5 33. Re8+ Kf7 34. Rxh8 Ke7 35. Rh7+ Kd6 36. Bxb6 Ke5 37. Bd3 Kd6 38. c4 Ke6 39. c5 Kd5 40. Bb5 1-0

[Event "ROM-ch U10 Girls"]
[Site "Calimanesti"]
[Date "2014.04.06"]
[Round "1"]
[White "Matasaru, Stephanie"]
[Black "Neacsu, Anemona Maria"]
[Result "1-0"]
[WhiteElo "1197"]
[BlackElo "1001"]
[PlyCount "69"]
[EventDate "2014.04.06"]
[EventType "swiss"]
[EventRounds "9"]
[EventCountry "ROU"]
[SourceTitle "CBM 160 Extra"]
[Source "ChessBase"]
[SourceDate "2014.07.01"]
[SourceVersion "1"]
[SourceVersionDate "2014.07.01"]
[SourceQuality "1"]

1. e4 e5 2. Nf3 Nc6 3. Bc4 Nf6 4. Ng5 Qe7 5. Bxf7+ Kd8 6. Bb3 h6 7. Nf7+ Ke8 8. Nxh8 d6 9. Ng6 Qd8 10. Nxf8 Kxf8 11. Nc3 Nd4 12. d3 Bg4 13. f3 Bh5 14. g4 Bg6 15. Be3 Nh7 16. Bxd4 exd4 17. Ne2 Qh4+ 18. Ng3 Qg5 19. Qd2 Qf6 20. h4 Rd8 21. f4 Qxf4 22. Qxf4+ Ke8 23. h5 Kd7 24. hxg6 Rf8 25. Qxf8 Nxf8 26. Rf1 Ke7 27. Rf7+ Ke8 28. Rxg7 c5 29. Ba4+ Kd8 30. Kd2 Kc8 31. Rf1 Ne6 32. Bd7+ Kd8 33. Bxe6 Ke8 34. Rff7 d5 35. Rg8# 1-0

[Event "ROM-ch U10 Girls"]
[Site "Calimanesti"]
[Date "2013.04.05"]
[Round "6"]
[White "Neacsu, Anemona Maria"]
[Black "Huruba, Teodora"]
[Result "1-0"]
[WhiteElo "1001"]
[BlackElo "1001"]
[PlyCount "117"]
[EventDate "2013.04.02"]
[EventType "swiss"]
[EventRounds "9"]
[EventCountry "ROU"]
[SourceTitle "CBM 153 Extra"]
[Source "ChessBase"]
[SourceDate "2013.04.22"]
[SourceVersion "1"]
[SourceVersionDate "2013.04.22"]
[SourceQuality "1"]

1. e4 e5 2. Nf3 Nc6 3. Bc4 Bc5 4. Nc3 h6 5. d3 Nf6 6. 0-0 d6 7. h3 Be6 8. Be3 0-0 9. a3 Qe7 10. b4 Bb6 11. Na4 a6 12. Nxb6 cxb6 13. Bxb6 Rfe8 14. b5 axb5 15. Bxb5 Rac8 16. Nh4 g6 17. Qc1 d5 18. Qxh6 Qf8 19. Qg5 Nh7 20. Qg3 f6 21. Qxg6+ Qg7 22. Qxg7+ Kxg7 23. Rfe1 Bd7 24. Rac1 Nb8 25. Bxd7 Nxd7 26. Nf5+ Kf8 27. Nd6 Rb8 28. Nxe8 Rxe8 29. Be3 b6 30. Bd2 Nc5 31. exd5 b5 32. Bb4 Rc8 33. d6 Nd7 34. Re4 Ng5 35. Rh4 Kg7 36. Rg4 Rh8 37. h4 Kh6 38. hxg5+ fxg5 39. Rg3 Nb6 40. Rh3+ Kg7 41. Rxh8 Kxh8 42. d7 Nxd7 43. g4 Nf6 44. f3 Kh7 45. Kf2 Nd5 46. Rh1+ Kg6 47. Bd6 Nf4 48. Bxe5 b4 49. axb4 Kf7 50. Bxf4 gxf4 51. Rh6 Kg7 52. Ra6 Kf7 53. Rc6 Kg7 54. b5 Kf7 55. b6 Ke7 56. b7 Kf7 57. b8Q Ke7 58. Qb7+ Ke8 59. Rc8# 1-0

[Event "ROM-ch U10 Girls"]
[Site "Calimanesti"]
[Date "2013.04.03"]
[Round "3"]
[White "Andreescu, Alexia Maria"]
[Black "Neacsu, Anemona Maria"]
[Result "1-0"]
[WhiteElo "1001"]
[BlackElo "1001"]
[PlyCount "73"]
[EventDate "2013.04.02"]
[EventType "swiss"]
[EventRounds "9"]
[EventCountry "ROU"]
[SourceTitle "CBM 153 Extra"]
[Source "ChessBase"]
[SourceDate "2013.04.22"]
[SourceVersion "1"]
[SourceVersionDate "2013.04.22"]
[SourceQuality "1"]

1. e4 e5 2. Nf3 Nc6 3. Bc4 Bc5 4. d4 exd4 5. c3 dxc3 6. Bxf7+ Kxf7 7. Qd5+ Ke8 8. Qh5+ Kf8 9. Qxc5+ Ke8 10. Qxc3 Nf6 11. Qc4 Qe7 12. Nc3 b6 13. b3 Bb7 14. 0-0 Na5 15. Qe2 Kf7 16. Ng5+ Kf8 17. Re1 h6 18. Nf3 Ng4 19. Nd4 Qh4 20. h3 Ke8 21. e5 Kd8 22. e6 Ke8 23. Rf1 g6 24. Re1 Rf8 25. exd7+ Kd8 26. Ne6+ Ke7 27. Nxf8+ Kxf8 28. hxg4 g5 29. Qe7+ Kg8 30. Qe6+ Kg7 31. Qe7+ Kg8 32. d8Q+ Rxd8 33. Qxd8+ Kf7 34. Qe7+ Kg8 35. Re6 Qxg4 36. Rg6+ Kh8 37. Qg7# 1-0